Modern practice in stress and vibration analysis proceedings of the 3rd international conference on modern practice in stress (Record no. 579940)
[ view plain ]
| 000 -LEADER | |
|---|---|
| fixed length control field | 00510nam a22001697a 4500 |
| 003 - CONTROL NUMBER IDENTIFIER | |
| control field | CEME |
| 005 - DATE AND TIME OF LATEST TRANSACTION | |
| control field | 20210628205213.0 |
| 008 - FIXED-LENGTH DATA ELEMENTS--GENERAL INFORMATION | |
| fixed length control field | 210216b xxu||||| |||| 00| 0 eng d |
| 020 ## - INTERNATIONAL STANDARD BOOK NUMBER | |
| International Standard Book Number | 90-5410-896-7 |
| 040 ## - CATALOGING SOURCE | |
| Transcribing agency | . |
| 082 ## - DEWEY DECIMAL CLASSIFICATION NUMBER | |
| Classification number | 620.1123 MOD'G |
| 100 ## - MAIN ENTRY--PERSONAL NAME | |
| Personal name | Gilchrist, M |
| 9 (RLIN) | 74407 |
| 245 ## - TITLE STATEMENT | |
| Title | Modern practice in stress and vibration analysis proceedings of the 3rd international conference on modern practice in stress |
| 260 ## - PUBLICATION, DISTRIBUTION, ETC. | |
| Place of publication, distribution, etc. | NETHERLAND |
| Name of publisher, distributor, etc. | A. A. BALKEMA |
| Date of publication, distribution, etc. | 1997 |
| 300 ## - PHYSICAL DESCRIPTION | |
| Extent | XI, 586P |
| 942 ## - ADDED ENTRY ELEMENTS (KOHA) | |
| Koha item type | Book |
| Source of classification or shelving scheme | |
| Withdrawn status | Lost status | Damaged status | Not for loan | Permanent Location | Current Location | Shelving location | Date acquired | Total Checkouts | Full call number | Barcode | Date last seen | Price effective from | Koha item type |
|---|---|---|---|---|---|---|---|---|---|---|---|---|---|
| College of Electrical & Mechanical Engineering (CEME) | College of Electrical & Mechanical Engineering (CEME) | General Stacks | 05/05/2017 | 620.1123 MOD'G | CEME-31169 | 06/28/2021 | 06/28/2021 | Book |
